| 000 | 00543nam a22001937a 4500 | ||
|---|---|---|---|
| 005 | 20260415100453.0 | ||
| 008 | 260415b |||||||| |||| 00| 0 eng d | ||
| 022 | _a978-0-323-87396-3 | ||
| 050 | _aRM 301 .R36 2024 | ||
| 100 | _aRITTER, JAMES M. | ||
| 245 | _aRANG AND DALE'S PHARMACOLOGY | ||
| 250 | _a10TH | ||
| 260 |
_aLONDON, _bELSEVEIR, _c2024. |
||
| 300 | _aXVII, 850 P , ILL | ||
| 500 | _aINCLUDES INDEX. | ||
| 650 | _aPHARMACOLOGY- TEXTBOOK | ||
| 700 | _aFLOWER, ROD. MACEWAN, DAVID | ||
| 942 |
_2lcc _cBK |
||
| 999 |
_c216960 _d216960 |
||